[Event "50th World U20 ch"]
[Site "Chennai IND"]
[Date "2011.08.14"]
[Round "12.6"]
[White "Rasulov, Vugar"]
[Black "Siugirov, Sanan"]
[Result "0-1"]
[WhiteElo "2522"]
[BlackElo "2629"]
[EventDate "2011.08.02"]
[PlyCount "184"]

1.e4 c5 2.Nf3 d6 3.d4 cxd4 4.Nxd4 Nf6 5.Nc3 a6 6.h3 e6 7.g4 Be7 8.Bg2 Nfd7
9.Be3 Nc6 10.Qe2 Nxd4 11.Bxd4 O-O 12.O-O Qc7 13.f4 b5 14.Be3 Bb7 15.g5 b4 
16.Nd1 Rfc8 17.c3 a5 18.Qd2 Qc4 19.Bd4 bxc3 20.Nxc3 Nc5 21.Rad1 e5 22.fxe5
dxe5 23.Bxe5 Nxe4 24.Nxe4 Bxe4 25.Rc1 Bc5+ 26.Kh1 Qb4 27.Qe2 Bxg2+ 28.Qxg2
Bf8 29.Bc3 Qb5 30.Rcd1 Ra7 31.Rd5 Rc5 32.Rfd1 Rxd5 33.Rxd5 Qc4 34.a3 Qc8 
35.Qf3 a4 36.Rd4 Qe8 37.Qd3 Qc6+ 38.Kh2 Ra8 39.Qe4 Qa6 40.Kg2 Qa7 41.h4 
Qa6 42.h5 Kh8 43.Rd7 Kg8 44.Rd4 Kh8 45.Rc4 Kg8 46.Qc6 Qa7 47.g6 hxg6 48.
hxg6 Qe7 49.Rf4 Qg5+ 50.Kf3 Qh5+ 51.Ke3 Bc5+ 52.Kd3 Qxg6+ 53.Qxg6 fxg6 54.
Kc4 Rc8 55.Kd3 Rd8+ 56.Ke4 Be7 57.Rg4 Kf7 58.Ke3 Ra8 59.Rc4 Bf6 60.Rc7+ 
Ke6 61.Ke4 Ra6 62.Rb7 g5 63.Rb4 Kf7 64.Kf5 Ra5+ 65.Kg4 Kg6 66.Rc4 Ra8 67.
Rb4 Rh8 68.Kg3 Rh4 69.Rb6 Rf4 70.Ra6 Kh5 71.Rc6 Kg6 72.Rc7 Kf5 73.Ra7 Bxc3
74.bxc3 Rc4 75.Kf2 g6 76.Ke2 g4 77.Kd3 Rf4 78.Ra5+ Kf6 79.Ke3 Rc4 80.Kf2 
Kg7 81.Kg2 Kh6 82.Kh2 g5 83.Ra8 Kh5 84.Rh8+ Kg6 85.Ra8 Kf5 86.Kg2 Kf4 87.
Kf2 g3+ 88.Kg2 Kg4 89.Rb8 Rf4 90.Rb4 Kh4 91.c4 Rf2+ 92.Kg1 Rc2 0-1

[Event "50th World U20 ch"]
[Site "Chennai IND"]
[Date "2011.08.14"]
[Round "12.8"]
[White "Shyam Sundar, M."]
[Black "Shimanov, Alexander"]
[Result "0-1"]
[WhiteElo "2478"]
[BlackElo "2586"]
[EventDate "2011.08.02"]
[PlyCount "112"]

1.e4 e6 2.d4 d5 3.Nd2 c5 4.Ngf3 cxd4 5.exd5 Qxd5 6.Bc4 Qd6 7.Qe2 Nf6 8.Nb3
Nc6 9.Bg5 a6 10.O-O-O b5 11.Bd3 Be7 12.Rhe1 h6 13.Bh4 O-O 14.Kb1 Bb7 15.
Nbxd4 Nxd4 16.Nxd4 Qxh2 17.Bg3 Qh5 18.f3 Nd5 19.Qf2 Nb4 20.Be4 Bxe4 21.
fxe4 Rac8 22.a3 Nc6 23.Nf3 b4 24.axb4 Bxb4 25.c3 Be7 26.Qe2 Qb5 27.Qxb5 
axb5 28.Rd7 Rfd8 29.Red1 Kf8 30.Ne5 Ke8 31.R7d3 h5 32.Nxc6 Rxd3 33.Rxd3 
Rxc6 34.Kc2 h4 35.Be5 f6 36.Bh2 Rc4 37.Re3 Bc5 38.Re1 Ra4 39.Kb1 g5 40.b3 
Ra7 41.Bg1 Bxg1 42.Rxg1 Rh7 43.Rf1 Rh6 44.Kc2 g4 45.Kd3 h3 46.gxh3 gxh3 
47.Rh1 Kd7 48.Ke3 Kd6 49.Kf4 Rh4+ 50.Kg3 Rxe4 51.Rd1+ Ke5 52.Rd3 f5 53.
Kxh3 Kf4 54.Kg2 Re2+ 55.Kf1 Re3 56.Rd4+ Kf3 0-1

[Event "50th World U20 ch"]
[Site "Chennai IND"]
[Date "2011.08.14"]
[Round "12.14"]
[White "Martinovic, Sasa"]
[Black "Shyam Nikil, P."]
[Result "1/2-1/2"]
[WhiteElo "2521"]
[BlackElo "2398"]
[EventDate "2011.08.02"]
[PlyCount "159"]

1.d4 Nf6 2.c4 c5 3.d5 e5 4.Nc3 d6 5.e4 Be7 6.g3 O-O 7.Bg2 Nbd7 8.Nge2 g6 
9.Bh6 Re8 10.h3 Kh8 11.Qd2 a6 12.a4 Ng8 13.Be3 f5 14.exf5 gxf5 15.f4 Bf6 
16.O-O exf4 17.Bxf4 Ne5 18.b3 Ng6 19.Kh2 Nxf4 20.Nxf4 Qa5 21.Rac1 Bd4 22.
Qc2 Re3 23.Nce2 Be5 24.Rb1 Qb6 25.Nd3 Bg7 26.Qd2 Re7 27.Nef4 a5 28.Ne6 
Bxe6 29.dxe6 Rxe6 30.Rxf5 Nf6 31.Nf4 Re5 32.Qd3 Rae8 33.Rd1 Rxf5 34.Qxf5 
Re5 35.Qc8+ Re8 36.Qf5 Re5 37.Qc8+ Re8 38.Qxb7 Qxb7 39.Bxb7 Rb8 40.Bc6 
Rxb3 41.Rxd6 Rb2+ 42.Kh1 Kg8 43.g4 Rf2 44.Ne6 Rc2 45.g5 Nh5 46.Bd5 Ng3+ 
47.Kg1 Ne2+ 48.Kf1 Ng3+ 49.Kg1 Ne2+ 50.Kf2 Nd4+ 51.Kf1 Rc1+ 52.Kf2 Rc2+ 
53.Ke1 Nxe6 54.Bxe6+ Kf8 55.Rd7 Bc3+ 56.Kf1 Rc1+ 57.Kg2 Re1 58.Bf5 Re5 59.
Rd5 Kg7 60.Kf3 h6 61.g6 Kf6 62.Be4 Rxd5 63.cxd5 c4 64.Bc2 Ke7 65.Ke4 Kd6 
66.Bd1 Bg7 67.h4 Bf6 68.h5 Bg7 69.Bf3 Bf6 70.Kf5 Bg7 71.Be4 Be5 72.Bg2 Bg7
73.Ke4 Bh8 74.Bf1 c3 75.Bd3 Bg7 76.Bc2 Bh8 77.Bb3 Bg7 78.Kf5 c2 79.Bxc2 
Kxd5 80.Bb3+ 1/2-1/2

[Event "50th World U20 ch"]
[Site "Chennai IND"]
[Date "2011.08.14"]
[Round "12.15"]
[White "Ikeda, Junta"]
[Black "Huschenbeth, Niclas"]
[Result "1/2-1/2"]
[WhiteElo "2349"]
[BlackElo "2521"]
[EventDate "2011.08.02"]
[PlyCount "134"]

1.d4 d5 2.c4 c6 3.Nf3 e6 4.e3 Bd6 5.Nc3 Nf6 6.g4 O-O 7.g5 Ne4 8.Nxe4 dxe4 
9.Nd2 Bb4 10.a3 Bxd2+ 11.Bxd2 Qxg5 12.h4 Qf5 13.Bh3 Qf6 14.Bb4 Rd8 15.Qe2 
c5 16.Bc3 cxd4 17.exd4 Qf4 18.Qe3 Qxe3+ 19.fxe3 Nd7 20.O-O-O f5 21.d5 Nf6 
22.Rd2 Kf7 23.Rhd1 exd5 24.cxd5 Bd7 25.b3 Rac8 26.Kb2 Re8 27.a4 g6 28.Re1 
b5 29.axb5 Bxb5 30.Bf1 Bxf1 31.Rxf1 Red8 32.Ra1 Rd7 33.Ra5 Rcc7 34.b4 Ne8 
35.Kb3 Nd6 36.Rc5 Rb7 37.Ra2 h6 38.Ra6 Rb6 39.Rxb6 axb6 40.Rc6 b5 41.Be5 
Ne8 42.Rc5 Nf6 43.Bxf6 Kxf6 44.Rxb5 Ke5 45.Kc4 g5 46.Rb6 Rc7+ 47.Rc6 Rxc6+
48.dxc6 Kd6 49.hxg5 hxg5 50.Kb5 Kc7 51.Kc5 f4 52.b5 fxe3 53.b6+ Kc8 54.Kd6
e2 55.b7+ Kb8 56.c7+ Kxb7 57.Kd7 e1=Q 58.c8=Q+ Kb6 59.Qd8+ Kc5 60.Qxg5+ 
Kc4 61.Ke6 Qd1 62.Qe5 Qd4 63.Qa5 e3 64.Qa4+ Kc3 65.Qa1+ Kd3 66.Qd1+ Ke4 
67.Qg4+ Kd3 1/2-1/2

[Event "50th World U20 ch"]
[Site "Chennai IND"]
[Date "2011.08.14"]
[Round "12.16"]
[White "Hemant, Sharma"]
[Black "Lalith Babu, Musunuri Rohit"]
[Result "0-1"]
[WhiteElo "2247"]
[BlackElo "2495"]
[EventDate "2011.08.02"]
[PlyCount "92"]

1.e4 g6 2.Nc3 c6 3.f4 Bg7 4.Nf3 d5 5.e5 Nh6 6.d4 Qb6 7.a3 Bg4 8.Be2 Bxf3 
9.Bxf3 Nf5 10.Ne2 e6 11.O-O c5 12.dxc5 Qxc5+ 13.Kh1 Nc6 14.Qd3 O-O 15.Bd2 
Rac8 16.g4 Nh4 17.Be3 Qe7 18.Nd4 g5 19.Nxc6 bxc6 20.b4 gxf4 21.Bc5 Qg5 22.
Bxf8 Rxf8 23.Rae1 Ng6 24.Qd4 Ra8 25.Qc3 Nxe5 26.Rxe5 Bxe5 27.Qxc6 Qd8 28.
Qb7 Rc8 29.Qxa7 Rxc2 30.g5 Qc8 31.Bh5 Rc7 32.Qf2 Rc1 33.b5 Bd6 34.a4 e5 
35.Bd1 Qc4 36.b6 Bc5 37.b7 Rb1 38.Qg2 Rxb7 39.Be2 Qc2 40.Bf3 Qxg2+ 41.Bxg2
e4 42.Rxf4 e3 43.Rf1 Rb2 44.Bf3 d4 45.Rc1 d3 46.Rxc5 Rb1+ 0-1

[Event "50th World U20 ch"]
[Site "Chennai IND"]
[Date "2011.08.14"]
[Round "12.18"]
[White "Abhishek, Kelkar"]
[Black "Stany, George Anthony"]
[Result "0-1"]
[WhiteElo "2197"]
[BlackElo "2435"]
[EventDate "2011.08.02"]
[PlyCount "82"]

1.e4 c5 2.Nf3 Nc6 3.d4 cxd4 4.Nxd4 Nf6 5.Nc3 e5 6.Ndb5 d6 7.Bg5 a6 8.Na3 
b5 9.Nd5 Be7 10.Bxf6 Bxf6 11.c4 b4 12.Nc2 a5 13.g3 O-O 14.Bg2 Be6 15.O-O 
Bg5 16.Qd3 Qb8 17.Nce3 Bxe3 18.Nxe3 Qb6 19.Kh1 Rfd8 20.Rad1 a4 21.f4 f6 
22.Nd5 Qc5 23.f5 Bf7 24.g4 Nd4 25.g5 Bxd5 26.cxd5 Rac8 27.gxf6 gxf6 28.
Qg3+ Kh8 29.Qh4 Rf8 30.Qh6 Qc7 31.Rd3 Qg7 32.Qh4 Rc2 33.Rg3 Qe7 34.Bf3 
Nxf3 35.Rfxf3 Rxb2 36.Rg1 Rxa2 37.Rfg3 Rc2 38.Qh6 Rc7 39.Qd2 b3 40.Qb4 Qd7
41.Ra1 Rb7 0-1

[Event "50th World U20 ch"]
[Site "Chennai IND"]
[Date "2011.08.14"]
[Round "12.20"]
[White "Ramnath Bhuvanesh"]
[Black "Praneeth Surya, K."]
[Result "1/2-1/2"]
[WhiteElo "2422"]
[BlackElo "2036"]
[EventDate "2011.08.02"]
[PlyCount "144"]

1.e4 c5 2.Nf3 d6 3.d4 cxd4 4.Nxd4 Nf6 5.Nc3 a6 6.Bc4 e6 7.Bb3 b5 8.O-O Be7
9.Qf3 Qc7 10.Qg3 Nc6 11.Nxc6 Qxc6 12.Re1 Bb7 13.a3 O-O 14.Bh6 Ne8 15.Rad1 
Kh8 16.Bg5 Bxg5 17.Qxg5 Nf6 18.Re3 Rad8 19.Rg3 Rg8 20.e5 Ne4 21.Nxe4 Qxe4 
22.Re3 Qc6 23.Red3 h6 24.Qg3 d5 25.Rf3 Rdf8 26.Rd4 f5 27.exf6 gxf6 28.Qh4 
Rg6 29.Rg3 Qe8 30.Rxg6 Qxg6 31.Rg4 Qh7 32.Qh3 Bc8 33.Qh5 Bd7 34.Rg6 Be8 
35.Qxh6 Qxh6 36.Rxh6+ Kg7 37.Rh3 a5 38.Rc3 Rf7 39.Rc8 Re7 40.c3 Kf7 41.Rb8
Rc7 42.h4 Ke7 43.Kh2 a4 44.Bd1 e5 45.h5 f5 46.h6 Rc6 47.h7 Rh6+ 48.Kg1 
Rxh7 49.Rb7+ Bd7 50.Be2 Kd6 51.Bxb5 Re7 52.Bxd7 Rxd7 53.Rxd7+ Kxd7 54.Kf1 
Kc6 55.Ke2 Kc5 56.Kd3 e4+ 57.Kc2 Kc4 58.g3 d4 59.cxd4 Kxd4 60.Kd2 Kc4 61.
Kc2 Kd4 62.Kd2 Kc4 63.Ke3 Kb3 64.Kf4 Kxb2 65.Kxf5 Kxa3 66.g4 Kb4 67.g5 a3 
68.g6 a2 69.g7 a1=Q 70.g8=Q Qd4 71.Qg1 Kc4 72.Qe1 Qd5+ 1/2-1/2

[Event "50th World U20 ch"]
[Site "Chennai IND"]
[Date "2011.08.14"]
[Round "12.21"]
[White "Das, Sayantan"]
[Black "Pap, Gyula"]
[Result "0-1"]
[WhiteElo "2246"]
[BlackElo "2513"]
[EventDate "2011.08.02"]
[PlyCount "80"]

1.e4 e5 2.Nf3 Nc6 3.Bb5 a6 4.Ba4 Nge7 5.Nc3 d6 6.d4 b5 7.Bb3 Nxd4 8.Nxd4 
exd4 9.Qh5 Ng6 10.Bd5 Ra7 11.Ne2 c5 12.Ng3 Ne5 13.Qe2 g6 14.a4 b4 15.f4 
Nd7 16.a5 Bg7 17.O-O O-O 18.Bc4 Qh4 19.Bd2 Nf6 20.Be1 Qh6 21.h3 Re8 22.Qd3
d5 23.Bxd5 Nxd5 24.exd5 Rae7 25.d6 Re3 26.Qc4 Bxh3 27.Qxc5 d3 28.Qxb4 Qh4 
29.d7 Bxd7 30.Nf5 Qg4 31.Nxe3 Rxe3 32.Qb6 Re6 33.Qb8+ Re8 34.Qb7 Rxe1 35.
Qd5 Bc6 36.Qd8+ Re8 37.Qg5 Qxg5 38.fxg5 Re2 39.cxd3 Rxg2+ 40.Kh1 Rxb2+ 0-1

[Event "50th World U20 ch"]
[Site "Chennai IND"]
[Date "2011.08.14"]
[Round "12.22"]
[White "Narayanan, Sunilduth Lyna"]
[Black "Nitin, Senthilvel"]
[Result "0-1"]
[WhiteElo "2233"]
[BlackElo "2365"]
[EventDate "2011.08.02"]
[PlyCount "112"]

1.e4 c5 2.Nf3 e6 3.d4 cxd4 4.Nxd4 a6 5.c4 Nf6 6.Nc3 Qc7 7.Be2 b6 8.O-O Bb7
9.f3 Be7 10.Be3 d6 11.Qd2 Nbd7 12.Rfd1 Rc8 13.a4 Qb8 14.Kh1 h5 15.Nb3 h4 
16.a5 bxa5 17.Nxa5 Ba8 18.b4 h3 19.g3 d5 20.exd5 Bxb4 21.Rdb1 O-O 22.Bf4 
Qb6 23.Be3 Bxc3 24.Qxc3 Nxd5 25.Qd4 Qxd4 26.Bxd4 e5 27.cxd5 exd4 28.Bxa6 
Rc3 29.Nc6 Bxc6 30.dxc6 Ne5 31.Bf1 Nxc6 32.Bxh3 Rxf3 33.Bg2 Rc3 34.Rd1 Rd8
35.Bxc6 Rxc6 36.Ra2 f5 37.Rad2 Rcd6 38.Kg2 g5 39.Kf3 Kg7 40.h3 Kf6 41.Rd3 
Ke5 42.R1d2 Rh8 43.Kg2 Ke4 44.Rd1 Rc8 45.R3d2 Rc3 46.Ra1 Rdc6 47.Ra7 Ke3 
48.Rd1 Rc2+ 49.Kf1 Rc1 50.Ra3+ Ke4 51.Rd3 Rxd1+ 52.Rxd1 Rc3 53.Kf2 Rc2+ 
54.Kf1 d3 55.h4 gxh4 56.gxh4 Rh2 0-1

[Event "50th World U20 ch"]
[Site "Chennai IND"]
[Date "2011.08.14"]
[Round "12.23"]
[White "Yanev, Tikhomir"]
[Black "Kunal, M."]
[Result "0-1"]
[WhiteElo "2349"]
[BlackElo "2298"]
[EventDate "2011.08.02"]
[PlyCount "66"]

1.d4 Nf6 2.c4 e6 3.Nf3 b6 4.g3 Bb7 5.Bg2 Be7 6.O-O O-O 7.Nc3 Bb4 8.Bd2 d6 
9.Rc1 Nbd7 10.Qc2 Qe7 11.d5 Bxc3 12.Bxc3 exd5 13.Nh4 g6 14.Rfd1 c5 15.cxd5
Rae8 16.e4 Nxe4 17.Re1 f5 18.f3 Bxd5 19.fxe4 fxe4 20.Qd2 Bc6 21.Qh6 Nf6 
22.Nxg6 hxg6 23.Rf1 Qh7 24.Qg5 Nd5 25.Rcd1 Qh5 26.Rxf8+ Rxf8 27.Qxh5 gxh5 
28.Be1 Rf6 29.Bf2 Re6 30.Kf1 a5 31.a3 a4 32.Ke1 Nf6 33.Be3 d5 0-1

[Event "50th World U20 ch"]
[Site "Chennai IND"]
[Date "2011.08.14"]
[Round "12.24"]
[White "Gahan, M. G."]
[Black "Krishna, C. R. G."]
[Result "1-0"]
[WhiteElo "2188"]
[BlackElo "2330"]
[EventDate "2011.08.02"]
[PlyCount "75"]

1.e4 e6 2.b3 d5 3.Bb2 dxe4 4.Nc3 Nf6 5.g4 Nc6 6.Bg2 e5 7.h3 Be7 8.Nxe4 Nd5
9.Ne2 O-O 10.d4 exd4 11.Nxd4 Bb4+ 12.Kf1 Nf4 13.Nxc6 bxc6 14.Qxd8 Rxd8 15.
Bf3 Ba6+ 16.Kg1 Re8 17.Kh2 Re6 18.Bd4 Be2 19.Kg3 Bxf3 20.Kxf3 Ng6 21.Nc5 
Rd6 22.Be3 Re8 23.Nd3 Bc3 24.Rad1 a5 25.a4 Rde6 26.h4 Rf6+ 27.Kg3 Re4 28.
Nc5 Re8 29.Bd4 Bxd4 30.Rxd4 Nf8 31.Ne4 Rfe6 32.f3 Ng6 33.Rhd1 h6 34.Rd8 
Kf8 35.R1d7 Rxd8 36.Rxd8+ Ke7 37.Rg8 Ne5 38.Ra8 1-0

[Event "50th World U20 ch"]
[Site "Chennai IND"]
[Date "2011.08.14"]
[Round "12.27"]
[White "Rojas Alarcon, Julian Antonio"]
[Black "Debashis, Das"]
[Result "0-1"]
[WhiteElo "2291"]
[BlackElo "2396"]
[EventDate "2011.08.02"]
[PlyCount "148"]

1.d4 d5 2.c4 c6 3.Nf3 Nf6 4.e3 Bf5 5.Nc3 e6 6.Nh4 Bg6 7.Be2 Nbd7 8.O-O Bd6
9.g3 O-O 10.Bd2 Be4 11.f3 Bg6 12.Nxg6 hxg6 13.e4 dxe4 14.fxe4 e5 15.d5 
Bc5+ 16.Kh1 Bd4 17.Bd3 Nc5 18.Bg5 Bxc3 19.bxc3 Qd6 20.Qf3 Rac8 21.Bc2 cxd5
22.cxd5 Ne8 23.Rad1 Qd7 24.g4 Nd6 25.Rde1 Rc7 26.h4 Na4 27.h5 Rfc8 28.Re3 
Nxc3 29.h6 Nxd5 30.exd5 Rxc2 31.hxg7 Ne8 32.Rxe5 R8c3 33.Qf4 Nxg7 34.Rfe1 
Nh5 35.Re8+ Kh7 36.Qd4 Rh3+ 37.Kg1 Ng7 38.R8e3 Rhh2 39.Rg3 Ne6 40.Qe5 Nxg5
41.Qxg5 Qd6 42.Qe5 Qxe5 43.Rxe5 Rhd2 44.Rf3 Kg7 45.Re7 Rc1+ 46.Rf1 Rxf1+ 
47.Kxf1 Rxd5 48.Rxb7 Ra5 49.Rb2 Ra4 50.g5 Ra5 51.Rg2 Kf8 52.Ke1 Ke7 53.
Re2+ Kd6 54.Rg2 Ke5 55.Kd1 Ra4 56.Rb2 Kf5 57.Rg2 Rg4 58.Rf2+ Rf4 59.Rg2 
Rf3 60.Ke2 Ra3 61.Kd1 Kf4 62.Ke1 Ra5 63.Kd1 a6 64.Ke1 Rxg5 65.Rf2+ Ke3 66.
Re2+ Kd3 67.Re7 Rf5 68.a4 a5 69.Rb7 Kc4 70.Ke2 Kd4 71.Rd7+ Kc5 72.Rb7 Kc6 
73.Rb8 g5 74.Ke3 f6 0-1

[Event "50th World U20 ch"]
[Site "Chennai IND"]
[Date "2011.08.14"]
[Round "12.28"]
[White "Tomazini, Zan"]
[Black "Swayams Mishra"]
[Result "0-1"]
[WhiteElo "2288"]
[BlackElo "2378"]
[EventDate "2011.08.02"]
[PlyCount "74"]

1.e4 e5 2.Nf3 Nc6 3.d4 exd4 4.Nxd4 Nf6 5.Nxc6 bxc6 6.e5 Qe7 7.Qe2 Nd5 8.c4
Ba6 9.Nd2 g6 10.Nf3 Qb4+ 11.Kd1 Nb6 12.b3 Bg7 13.Bd2 Qe7 14.Bg5 Qe6 15.Kc2
O-O 16.Re1 c5 17.Qe3 Bb7 18.Bd3 a5 19.Qxc5 a4 20.Bc1 axb3+ 21.axb3 Bxf3 
22.gxf3 d6 23.Qxc7 dxe5 24.Be3 Nd7 25.Be4 Ra2+ 26.Kc3 Qa6 27.Rb1 Nf6 28.
Qb6 Nxe4+ 29.fxe4 Qa8 30.f3 Rb8 31.Qc7 Bf8 32.Bg5 Rb7 33.Qxe5 Bb4+ 34.Kd3 
Rd7+ 35.Qd5 Rxd5+ 36.exd5 Qc8 37.c5 Qxc5 0-1

[Event "50th World U20 ch"]
[Site "Chennai IND"]
[Date "2011.08.14"]
[Round "12.29"]
[White "Patil, Pratik"]
[Black "Priyadharshan, Kannappan"]
[Result "0-1"]
[WhiteElo "2141"]
[BlackElo "2376"]
[EventDate "2011.08.02"]
[PlyCount "64"]

1.e4 e5 2.Bc4 Nf6 3.d3 Nc6 4.Nc3 Na5 5.Bb3 c6 6.f4 d6 7.Nf3 Qc7 8.O-O Nxb3
9.axb3 Be7 10.Kh1 h5 11.d4 Bg4 12.fxe5 dxe5 13.dxe5 Bxf3 14.Qxf3 Qxe5 15.
Qf5 Bd6 16.Bf4 Qxf5 17.exf5 Bxf4 18.Rxf4 Kd7 19.Kg1 Rhe8 20.h3 b5 21.Kf2 
a5 22.b4 a4 23.g4 hxg4 24.hxg4 Kc7 25.g5 Nd7 26.Ra3 Rh8 27.Kg2 Rh5 28.Ne4 
Rah8 29.Rf2 Rh2+ 30.Kg3 R8h3+ 31.Kf4 Rh4+ 32.Kg3 R2h3+ 0-1

[Event "50th World U20 ch"]
[Site "Chennai IND"]
[Date "2011.08.14"]
[Round "12.31"]
[White "Gireman, Jagadeesan"]
[Black "Ly, Moulthun"]
[Result "1-0"]
[WhiteElo "2084"]
[BlackElo "2369"]
[EventDate "2011.08.02"]
[PlyCount "71"]

1.e4 c5 2.Nf3 d6 3.d4 cxd4 4.Nxd4 Nf6 5.Nc3 a6 6.h3 e6 7.g4 b5 8.Bg2 Bb7 
9.O-O Nfd7 10.f4 Be7 11.Kh1 Qc7 12.f5 e5 13.Nde2 Nb6 14.Ng3 N8d7 15.Nh5 
Bf8 16.Nd5 Nxd5 17.exd5 Nb6 18.Re1 O-O-O 19.b3 g6 20.Ng3 Be7 21.g5 f6 22.
Be3 fxg5 23.Rc1 g4 24.Qxg4 Kb8 25.f6 Bxf6 26.c4 bxc4 27.bxc4 Be7 28.Bxb6 
Qxb6 29.Rb1 Qa5 30.Re3 Ka7 31.Reb3 Bc8 32.Qe2 Rd7 33.Rb8 Qc3 34.Ne4 Qd4 
35.Qf3 Rf8 36.Qb3 1-0

[Event "50th World U20 ch"]
[Site "Chennai IND"]
[Date "2011.08.14"]
[Round "12.34"]
[White "Artemenko, Oleg"]
[Black "Kulkarni, Rakesh"]
[Result "1-0"]
[WhiteElo "2341"]
[BlackElo "2231"]
[EventDate "2011.08.02"]
[PlyCount "69"]

1.e4 c5 2.Nf3 e6 3.c3 Nf6 4.e5 Nd5 5.d4 cxd4 6.cxd4 b6 7.Nc3 Nxc3 8.bxc3 
Qc7 9.Bd2 d6 10.Bd3 Nc6 11.O-O dxe5 12.dxe5 Bb7 13.Qe2 Be7 14.Rfe1 h6 15.
Rab1 Rd8 16.Rbd1 Bc5 17.Bb1 Ne7 18.c4 O-O 19.Bc3 Qc6 20.Rc1 Ng6 21.Qc2 Ba3
22.Bb2 Bxb2 23.Qxb2 Nf4 24.Be4 Qc7 25.Qc2 Bxe4 26.Rxe4 f5 27.Rxf4 g5 28.
Rd4 Rxd4 29.Nxd4 Qxe5 30.Nf3 Qf6 31.Re1 e5 32.Nxe5 Re8 33.Nf3 Rxe1+ 34.
Nxe1 Qe7 35.Qd2 1-0

[Event "50th World U20 ch"]
[Site "Chennai IND"]
[Date "2011.08.14"]
[Round "12.36"]
[White "Shreyansh, Daklia"]
[Black "Surendran, N."]
[Result "1/2-1/2"]
[WhiteElo "2298"]
[BlackElo "2187"]
[EventDate "2011.08.02"]
[PlyCount "103"]

1.Nf3 Nf6 2.g3 d5 3.Bg2 e6 4.O-O Be7 5.d3 O-O 6.Nbd2 c5 7.e4 Nc6 8.Re1 Qc7
9.c3 dxe4 10.dxe4 e5 11.h3 h6 12.Qc2 Be6 13.Nf1 Rfd8 14.Be3 b5 15.g4 Bc4 
16.Rad1 Rxd1 17.Rxd1 Rd8 18.Rd2 Nd7 19.b3 Be6 20.Ng3 Nb6 21.Bf1 c4 22.
Rxd8+ Nxd8 23.b4 Na4 24.a3 Bf8 25.Nf5 f6 26.h4 g6 27.Nxh6+ Bxh6 28.Bxh6 
Bxg4 29.Nh2 Be6 30.Be3 Nf7 31.Be2 Qd7 32.Nf1 f5 33.f4 Qe7 34.h5 exf4 35.
Bxf4 Qh4 36.Bg3 Qxe4 37.Qxe4 fxe4 38.hxg6 Nh8 39.Be5 Nxg6 40.Bd4 Nf4 41.
Ng3 e3 42.Bf3 Bd5 43.Bxd5+ Nxd5 44.Ne4 Nf4 45.Bxe3 Ne2+ 46.Kf2 Nexc3 47.
Nxc3 Nxc3 48.Bxa7 Nb1 49.Ke2 Nxa3 50.Kd2 c3+ 51.Kxc3 Kf7 52.Kd2 1/2-1/2

[Event "50th World U20 ch"]
[Site "Chennai IND"]
[Date "2011.08.14"]
[Round "12.37"]
[White "Mithil, Ajgaonkar"]
[Black "Petrisor, Adrian-Marian"]
[Result "1/2-1/2"]
[WhiteElo "2130"]
[BlackElo "2408"]
[EventDate "2011.08.02"]
[PlyCount "124"]

1.d4 Nf6 2.c4 c5 3.d5 e6 4.Nc3 exd5 5.cxd5 d6 6.Nf3 g6 7.g3 Bg7 8.Bg2 O-O 
9.O-O Re8 10.Nd2 b6 11.a4 Ba6 12.Nb5 Nbd7 13.h3 Qe7 14.Re1 Ne5 15.Qc2 Bb7 
16.e4 a6 17.Nc3 c4 18.Bf1 Qd7 19.Kg2 b5 20.axb5 axb5 21.Rxa8 Bxa8 22.f4 
Nd3 23.Bxd3 cxd3 24.Qxd3 b4 25.Ne2 Qe7 26.Kf3 Nd7 27.Nb3 f5 28.exf5 Qf7 
29.Kf2 Bxd5 30.Ned4 Rxe1 31.Kxe1 gxf5 32.Bd2 Bc4 33.Qf3 Nc5 34.Qa8+ Bf8 
35.Nc1 Ba6 36.Qf3 Bb7 37.Qe3 Qd5 38.Bxb4 Qh1+ 39.Kd2 Be4 40.Bxc5 dxc5 41.
Ne6 Bd6 42.Qc3 Kf7 43.Ng5+ Ke8 44.Qf6 Kd7 45.Qe6+ Kc7 46.Nf7 Bf8 47.Ne5 
Qg1 48.Qf7+ Kb6 49.Qxf8 Qd4+ 50.Ncd3 Bxd3 51.Nxd3 c4 52.Qb4+ Ka6 53.Qc3 
Qd5 54.Kc2 Qg2+ 55.Qd2 cxd3+ 56.Kxd3 Qxg3+ 57.Qe3 Qg6 58.b4 Qc6 59.Qc5 
Qe4+ 60.Kc3 Qf3+ 61.Kb2 Qxf4 62.b5+ Ka5 1/2-1/2

[Event "50th World U20 ch"]
[Site "Chennai IND"]
[Date "2011.08.14"]
[Round "12.38"]
[White "Petenyi, Tamas"]
[Black "Akash Iyer, P. C."]
[Result "0-1"]
[WhiteElo "2398"]
[BlackElo "2069"]
[EventDate "2011.08.02"]
[PlyCount "102"]

1.e4 e5 2.Nf3 Nc6 3.Bb5 a6 4.Ba4 Nf6 5.O-O Be7 6.Re1 b5 7.Bb3 d6 8.c3 O-O 
9.h3 Na5 10.Bc2 c5 11.d4 Qc7 12.b4 cxb4 13.cxb4 Nc4 14.Nbd2 Bd7 15.Nxc4 
bxc4 16.Re3 Rfb8 17.Bb2 Rxb4 18.Bc3 exd4 19.Qxd4 Rbb8 20.e5 dxe5 21.Rxe5 
Be6 22.Rg5 Rb5 23.Re1 h6 24.Rxg7+ Kxg7 25.Rxe6 fxe6 26.Qe4 Rh8 27.Bxf6+ 
Bxf6 28.Qg6+ Kf8 29.Qxf6+ Kg8 30.Qg6+ Kf8 31.Qf6+ Kg8 32.Qxe6+ Qf7 33.Qc8+
Kg7 34.Qg4+ Kf8 35.Qc8+ Kg7 36.Qg4+ Kf8 37.Nh4 Rg8 38.Qd4 Rbg5 39.Qd6+ Kg7
40.Qd4+ Qf6 41.Qa7+ Kf8 42.Qa8+ Kg7 43.Qe4 Re5 44.Qxc4 Kh8 45.Qc3 Re6 46.
Qb4 Qa1+ 47.Kh2 Qe5+ 48.f4 Qf6 49.Bf5 Qxh4 50.Qd4+ Qf6 51.Qd7 Qxf5 0-1

[Event "50th World U20 ch"]
[Site "Chennai IND"]
[Date "2011.08.14"]
[Round "12.39"]
[White "Getz, Nicolai"]
[Black "Visakh, N. R."]
[Result "1-0"]
[WhiteElo "2385"]
[BlackElo "2042"]
[EventDate "2011.08.02"]
[PlyCount "69"]

1.Nf3 Nf6 2.g3 d5 3.Bg2 e6 4.O-O Be7 5.b3 O-O 6.Bb2 c5 7.c4 Nc6 8.cxd5 
exd5 9.d4 b6 10.Nc3 Bb7 11.e3 Rc8 12.Rc1 Re8 13.dxc5 bxc5 14.Na4 Ba6 15.
Bxf6 Bxf6 16.Re1 Nb4 17.Rxc5 Rxc5 18.Nxc5 Bc3 19.a3 Bb5 20.axb4 Bxb4 21.
Nd3 Bxd3 22.Qxd3 Bxe1 23.Nxe1 Qa5 24.Nc2 Rd8 25.h4 h5 26.Bf3 g6 27.Nd4 Rc8
28.Kg2 Rc1 29.Ne2 Ra1 30.Bxd5 Kf8 31.Qc4 Qa2 32.Qc8+ Kg7 33.Qc3+ f6 34.
Qc7+ Kh6 35.Bg8 1-0

[Event "50th World U20 ch"]
[Site "Chennai IND"]
[Date "2011.08.14"]
[Round "12.40"]
[White "Chaithanyaa, K. G."]
[Black "Sochacki, Wojtek"]
[Result "1-0"]
[WhiteElo "2088"]
[BlackElo "2316"]
[EventDate "2011.08.02"]
[PlyCount "61"]

1.e4 g6 2.d4 Nf6 3.Nc3 d5 4.e5 Ne4 5.Nce2 f6 6.f3 Ng5 7.Bxg5 fxg5 8.Qd2 e6
9.Nh3 Be7 10.Nf2 O-O 11.O-O-O c5 12.Kb1 Nc6 13.h4 gxh4 14.f4 cxd4 15.Nxd4 
Qb6 16.Nf3 Bb4 17.c3 Bxc3 18.Qxc3 Qxf2 19.Rxh4 Bd7 20.Bd3 Qxg2 21.Bxg6 
hxg6 22.Rg1 Qf2 23.Rxg6+ Kf7 24.Rf6+ Ke8 25.Rxf8+ Kxf8 26.Rh8+ Kg7 27.Rxa8
Qf1+ 28.Qe1 Qd3+ 29.Ka1 Kf7 30.Qh1 Nb4 31.Qh5+ 1-0

[Event "50th World U20 ch"]
[Site "Chennai IND"]
[Date "2011.08.14"]
[Round "12.41"]
[White "Ghaledar, Faraz"]
[Black "Kozganbaev, Erken"]
[Result "0-1"]
[WhiteElo "2088"]
[BlackElo "2284"]
[EventDate "2011.08.02"]
[PlyCount "110"]

1.d4 d6 2.c4 f5 3.Nf3 Nf6 4.Nc3 g6 5.h4 Bg7 6.Bg5 Nbd7 7.Qd2 h6 8.Bf4 Ng4 
9.d5 Nc5 10.Nd4 e5 11.dxe6 Nxe6 12.Nxe6 Bxe6 13.e4 fxe4 14.Nxe4 Qe7 15.f3 
Ne5 16.Qc2 Qf7 17.Bxe5 Bxe5 18.O-O-O O-O-O 19.Bd3 Kb8 20.Kb1 Rhg8 21.Rhe1 
g5 22.hxg5 hxg5 23.Nc5 Bc8 24.Nb3 Bg3 25.Rh1 Rh8 26.Be4 Be5 27.Na5 c6 28.
Qb3 Ka8 29.Qc2 Rh4 30.Rxh4 gxh4 31.Nb3 Be6 32.Nc5 Bxc4 33.b3 Bd5 34.Bxd5 
cxd5 35.Nd3 Bh8 36.Rc1 a6 37.Qc7 Qf6 38.Kc2 Rg8 39.Ne1 Qd4 40.Qd7 Be5 41.
Qe6 Rh8 42.Qf5 Kb8 43.Qd3 Qb2+ 44.Kd1 Bf4 45.Rb1 Qf2 46.Qe2 Qd4+ 47.Qd3 
Qg1 48.Rb2 Bg3 49.Re2 d4 50.Qg6 Rc8 51.Qe4 Rc3 52.f4 d3 53.Re3 Bxe1 54.
Rxe1 Qf2 55.Qe8+ Rc8 0-1

[Event "50th World U20 ch"]
[Site "Chennai IND"]
[Date "2011.08.14"]
[Round "12.42"]
[White "Kourkoulos-Arditis, Stamatis"]
[Black "Ashwath, R."]
[Result "0-1"]
[WhiteElo "2123"]
[BlackElo "2259"]
[EventDate "2011.08.02"]
[PlyCount "68"]

1.e4 e5 2.Nf3 Nc6 3.Bb5 a6 4.Ba4 d6 5.c3 Bd7 6.d4 g6 7.Bg5 Be7 8.Bxe7 Qxe7
9.O-O b5 10.Bb3 Nf6 11.Re1 O-O 12.Bd5 Rab8 13.a4 b4 14.Qd2 Nxd5 15.exd5 
Na5 16.dxe5 Nb3 17.Qh6 Nxa1 18.exd6 Qf6 19.dxc7 Rbe8 20.Rc1 Nb3 21.Rf1 
Bxa4 22.Ng5 Qg7 23.Qh4 a5 24.cxb4 Bb5 25.Rd1 Be2 26.Re1 h6 27.Ne4 g5 28.
Qh3 Rxe4 29.c8=Q Bg4 30.Rxe4 Rxc8 31.Qe3 Rc1+ 32.Qxc1 Nxc1 33.Rxg4 Qxb2 
34.h3 Qxb1 0-1

[Event "50th World U20 ch"]
[Site "Chennai IND"]
[Date "2011.08.14"]
[Round "12.43"]
[White "Dusthageer, Ibrahim M."]
[Black "Shreyans Shah, K."]
[Result "1/2-1/2"]
[WhiteElo "2212"]
[BlackElo "2203"]
[EventDate "2011.08.02"]
[PlyCount "54"]

1.e4 e6 2.d4 d5 3.Nc3 dxe4 4.Nxe4 Bd7 5.Nf3 Bc6 6.Bd3 Nd7 7.O-O Ngf6 8.Bg5
Be7 9.Bxf6 Bxf6 10.c3 O-O 11.Re1 Re8 12.Nxf6+ Qxf6 13.Ne5 Nxe5 14.Rxe5 
Rad8 15.Qh5 g6 16.Qg4 Rd5 17.f4 Qg7 18.Rae1 Red8 19.b4 b6 20.Qh4 R5d6 21.
R1e3 Bd5 22.Re2 Bc6 23.R2e3 Bd5 24.Re2 Bc6 25.R2e3 Bd5 26.Re2 Bc6 27.R2e3 
Bd5 1/2-1/2

[Event "50th World U20 ch"]
[Site "Chennai IND"]
[Date "2011.08.14"]
[Round "12.44"]
[White "Sidhant, Mohapatra"]
[Black "Gusain, Himal"]
[Result "1-0"]
[WhiteElo "2155"]
[BlackElo "2208"]
[EventDate "2011.08.02"]
[PlyCount "81"]

1.e4 c5 2.Nf3 e6 3.c4 a6 4.Nc3 Qc7 5.Be2 d6 6.O-O Nf6 7.d4 cxd4 8.Nxd4 Be7
9.Be3 b6 10.Rc1 Bb7 11.f3 O-O 12.Kh1 Nbd7 13.b4 Rac8 14.Nb3 Qb8 15.Na4 Bd8
16.c5 b5 17.Nc3 Bc7 18.Nxb5 axb5 19.c6 Bxc6 20.Rxc6 d5 21.exd5 Nxd5 22.Bg1
Rfd8 23.Qe1 Bd6 24.Rxc8 Rxc8 25.a3 Rc3 26.Qb1 Nf4 27.Re1 Qd8 28.Bf1 Nh5 
29.g3 Rxf3 30.Qd1 Qf6 31.Kg2 Ne5 32.Qxd6 Rxg3+ 33.hxg3 Qf3+ 34.Kh2 Qxg3+ 
35.Kh1 Qf3+ 36.Bg2 Ng3+ 37.Kh2 Qh5+ 38.Bh3 Nf3+ 39.Kxg3 Qh4+ 40.Kxf3 Qxh3+
41.Qg3 1-0